000
00297cam a2200121ua 4500
082
_a
894.81209
_b
GOP/MU
100
_a
Gopalakrishnan, Chelangattu .
_9
1737
245
_a
Mukhom Nokkathe /
250
_a
1 /
260
_a
Ernamkulam :
_b
Jaya Matha Books ,
_c
1967.
300
_a
96 ; .
942
_c
BK
999
_c
12566
_d
12566